• 首页
  • 本馆介绍
  • 公告通知
  • 最新文献
  • 馆藏检索
  • 电子资源
  • 读者导购
  • 参考咨询
  • 我的图书馆
  • 登录
  • 详细信息显示
  • 放入我的书架
  • 预约/预借图书
  • 作者相关作品
  • 分类相关作品
  • 丛书相关作品
  • 出版社相关作品

书目信息

  • 表格格式
  • 工作单格式
  • 卡片格式
题名:
喜马拉雅风云
    
 
作者: 蔡文青 著
分册:  
出版信息: 北京   华文出版社  2012.4
页数: 491页
开本: 24cm
丛书名:
单 册:
中图分类: E289.75
科图分类:
主题词: 战争史--西藏 , 战争史
电子资源:
ISBN: 978-7-5075-3582-2
000 00931nam0 2200241 45
001 1360521359
005 20130531101740.81
010    @a978-7-5075-3582-2@dCNY58.00
100    @a20130513d2012 em y0chiy50 ea
101 0  @achi
102    @aCN@b110000
105    @ay z 000yy
106    @ar
200 1  @a喜马拉雅风云@AXi Ma La Ya Feng Yun@f蔡文青著@FCai Wen Qing Zhu
210    @a北京@c华文出版社@d2012.4
215    @a491页@d24cm
330    @a本书客观记述了17世纪清朝康熙年间至1961年这三百多年间,发生在西藏的大小战争全过程。作者蔡文青在引用大量资料的基础上,对事件的起因、战事进程、造成的后果,都进行了分析。重点记述了中国共产党领导进藏人民解放军和地方人员,团结、带领西藏人民,和平解放西藏,维护国家统一以及建设西藏的光辉历程。
606 0  @a战争史@y西藏
606 0  @a战争史
690    @aE289.75@v5
701  0 @a蔡文青@ACai Wen Qing@f(1977~)@4著
801    @aCN@bTANGWEI@c20130522
905    @b0834627-28@dE289.75@e2@f2
    
    喜马拉雅风云/蔡文青著.-北京:华文出版社,2012.4
    491页;24cm
    
    
    ISBN 978-7-5075-3582-2:CNY58.00
    本书客观记述了17世纪清朝康熙年间至1961年这三百多年间,发生在西藏的大小战争全过程。作者蔡文青在引用大量资料的基础上,对事件的起因、战事进程、造成的后果,都进行了分析。重点记述了中国共产党领导进藏人民解放军和地方人员,团结、带领西藏人民,和平解放西藏,维护国家统一以及建设西藏的光辉历程。
●
相关链接 在E读中查询图书 在五车中查询图书 在当当中查询图书 在豆瓣中查询图书


正题名:喜马拉雅风云     索取号:E289.75/2         预约/预借

序号 登录号 条形码 馆藏地/架位号 状态 备注
1 0834627   208346271   第一样本阅览室/ [索取号:E289.75/2] 在馆    
2 0834628   208346280   第一借阅区/ [索取号:E289.75/2] 在馆    
唐山师范学院图书馆 欢迎您!
大连网信软件有限公司© 版权所有